| 000 | 01267nam a22003497a 4500 | ||
|---|---|---|---|
| 999 |
_c21472 _d21472 |
||
| 003 | AR-CdUCM | ||
| 008 | 190220b ||||| |||| 00| 0 spa d | ||
| 020 | _a9789972516382 | ||
| 040 |
_aMUNICIPALIDAD PROVINCIAL DEL CUSCO _cBIBLIOTECA MUNICIPAL DEL CUSCO |
||
| 082 |
_a985.073/A81 _bA81 |
||
| 100 |
_aHernández Asensio, Raúl _944929 |
||
| 245 |
_aEl apóstol de los andes : _bel culto a Túpac Amaru en Cusco durante la revolución velasquista, 1968-1975 / _cRaúl H. Asensio |
||
| 260 |
_aLima : _bInstituto de Estudios Peruanos, IEP, _c2017. |
||
| 300 |
_a347 páginas. : _bretratos ; _c23 cm. |
||
| 440 |
_aSerie Estudios Históricos, _n72. _944930 |
||
| 500 | _zBibliografía: p. [333]-347. | ||
| 650 |
_aTúpac Amaru, José Gabriel _944710 |
||
| 650 |
_aOpinión pública _96423 |
||
| 650 |
_aMonumentos _924588 |
||
| 650 |
_aCultura popular _92559 |
||
| 650 |
_aNacionalismo _92901 |
||
| 650 |
_aAspectos sociales. _9262 |
||
| 650 |
_aGobierno Revolucionario _917656 |
||
| 650 |
_aFuerzas armadas _98330 |
||
| 650 |
_aActividad política _99761 |
||
| 650 |
_aPolítica y gobierno _92693 |
||
| 650 |
_a1968-1980 _944931 |
||
| 650 |
_aPerú _944932 |
||
| 710 |
_aInstituto de Estudios Peruanos (Lima) _99759 |
||
| 942 |
_2ddc _cLIBROS |
||
| 945 | _aRoel | ||